| 000 | 00627nam a2200265Ia 4500 | ||
|---|---|---|---|
| 008 | 210210b2010 xxu||||| |||| 00| 0 eng d | ||
| 041 | _aeng | ||
| 082 | _a954.01 HEBI | ||
| 100 | _aHEBBAR (V R) | ||
| 245 | _aIndia in the early medieval period: A D 300-1300 for II sem BA | ||
| 260 |
_aMangalore _bMangala Publications. _c2010 |
||
| 300 | _aviii,128 | ||
| 650 | _athe | ||
| 650 | _aperiod | ||
| 650 | _amedieval | ||
| 650 | _aIndia | ||
| 650 | _ain | ||
| 650 | _aearly | ||
| 650 | _aD | ||
| 650 | _aA | ||
| 650 | _a300-1300 | ||
| 690 | _aIndian History | ||
| 700 | _aMOORTHY (Malathi K) | ||
| 906 | _a064308 | ||
| 999 |
_c140499 _d140499 |
||